000 00514cam a22002051 4500
001 af 48003669
003 DLC
005 20260227110903.0
008 890617s1944 ne 000 1 dut c
010 _aaf 48003669
035 _a(OCoLC)19884335
040 _aCalifornia. Univ. Libr.
_cCU
_dDLC
042 _apremarc
050 0 0 _aPT5868.S38
_bD5
100 1 _aSchuttevaêr-Velthuijs, N.
245 1 0 _aDieuwertje.
260 _aAntwerpen,
_bDie Keure
_c[1944]
300 _a286 p.
_c21 cm.
500 _aA novel.
999 _c5716
_d5716